000
00336nam a2200145Ia 4500
005
20251222152651.0
008
251222s9999||||xx |||||||||||||| ||spa||
020
_a
84575097383
082
_a
800/V71/T.87
100
_a
Vincent -Thomas, Louis
245
0
_a
La Muerte
250
_a
1ra. ed.
264
_b
Paidos Ibérica
942
_c
LIB
999
_c
28440
_d
28440